LEADER 01346nam a2200301 i 4500 001 000000151589 003 CaOOAMICUS 005 20060705000000.0 008 060705s2006 it u000 u ita u 013 $a128928 020 $a88-7878133-9 040 $aSeMil$bita 100 1 $aFoglio, Dino.$0(OLS)http://semarc/name/10425 245 10$aAurora di speranza /$cDino Foglio. 246 04$iTitolo in copertina:$aAurora di speranza : la testimonianza di una fede vissuta 260 $aRoma :$bRinnovamento nello Spirito Santo,$cCopyr. 2006. 300 $a256 p. ;$c21 cm. 500 $aContiene : Appendice. - Dono del Card. Dionigi Tettamanzi. 650 4$aRinnovamento nello Spirito (Movimento).$0(OLS)http://semarc/subject/1768 650 4$aFoglio, Dino - Scritti.$0(OLS)http://semarc/subject/29603 850 $aSeMil 852 $aSeMil$W1$xVenegono$y1$m3E II 81$j103615$B103615$CSeMilBibl$Z2$F113594 $81 941 1 $a5 961 $aOmaggio: Tettamanzi Card. Dionigi 996 $6020$a88-7878133-9$9(OLS)http://semarc/number/141200 996 $6245$aAurora di speranza$9(OLS)http://semarc/title/221554 996 $6246$aAurora di speranza : la testimonianza di una fede vissuta$9(OLS)http://semarc/title/221555 996 $6260$aRoma :$bRinnovamento nello Spirito Santo$9(OLS)http://semarc/publisher/33016 LEADER 01110nam a2200253 i 4500 001 000000064559 003 CaOOAMICUS 005 20130729000000.0 008 130729s1962 xx u000 u fre u 013 $a35731 040 $aSeMil$bita 100 1 $aMalet, André.$0(OLS)http://semarc/name/32050 245 10$aMythos et Logos :$bla pensée de Rudolf Bultmann /$cAndré Malet ; lettre-préface de R. Bultmann. 250 $aDeuxième édition revue. 260 $aGenève :$bLabor et Fides,$ccopyr. 1962. 300 $a401 p. ;$c26 cm. 490 0 $aNouvelle série théologique ;$v14 600 14$aBultmann, Rudolf <1884-1976>.$0(OLS)http://semarc/subject/4795 700 1 $aBultmann, Rudolf,$d<1884-1975>.$0(OLS)http://semarc/name/5653 830 0$aNouvelle série théologique ;$v14.$0(OLS)http://semarc/title/38766 850 $aSeMil 852 $aSeMil$W1$xVenegono$y1$m2M IV 272$j30712$B30712$CSeMilBibl$Z2$F30715 $81 996 $6245$aMythos et Logos :$bla pensée de Rudolf Bultmann$9(OLS)http://semarc/title/102250 996 $6260$aGenève :$bLabor et Fides$9(OLS)http://semarc/publisher/31164